书目信息 |
| 题名: |
汉语轻松阅读
|
|
| 作者: | ||
| 分册: | 中国古代寓言 | |
| 出版信息: | 北京 外文出版社 2006 |
|
| 页数: | 106页 | |
| 开本: | 23cm | |
| 丛书名: | ||
| 单 册: | ||
| 中图分类: | H195.5 | |
| 科图分类: | ||
| 主题词: | 汉语--阅读教学--对外汉语教学--教材 , 汉语 , 阅读教学 | |
| 电子资源: | ||
| ISBN: | 7-119-04356-0 | |
| 000 | 00788nam0 2200253 450 | |
| 001 | 003339758 | |
| 005 | 20070805092438.25 | |
| 010 | @a7-119-04356-0@dCNY22.00 | |
| 035 | @a003339758 | |
| 100 | @a20070104d2006 em y0chiy0110 ea | |
| 101 | 0 | @achi@ager |
| 102 | @aCN@b110000 | |
| 105 | @aa z 000yy | |
| 106 | @ar | |
| 200 | 1 | @a汉语轻松阅读@Ahan yu qing song yue du@i中国古代寓言@Izhong guo gu dai yu yan@dChinesisch lustig lesen@iAltchinesische Spruchweisheit@zger |
| 210 | @a北京@c外文出版社@d2006 | |
| 215 | @a106页@c图@d23cm | |
| 510 | 1 | @aChinesisch lustig lesen@iAltchinesische Spruchweisheit@zger |
| 606 | 0 | @a汉语@x阅读教学@x对外汉语教学@j教材 |
| 606 | 0 | @a汉语 |
| 606 | 0 | @a阅读教学 |
| 690 | @aH195.5@v4 | |
| 801 | 0 | @aCN@bNLC@c20070805 |
| 905 | @dH195.5@e287:2@f3 | |
| 汉语轻松阅读.中国古代寓言=Chinesisch lustig lesen.Altchinesische Spruchweisheit.-北京:外文出版社,2006 |
| 106页:图;23cm |
| ISBN 7-119-04356-0:CNY22.00 |
| ● |
| 相关链接 |
|
|
|
|
正题名:汉语轻松阅读
索取号:H195.5/287:2
 
预约/预借
| 序号 | 登录号 | 条形码 | 馆藏地/架位号 | 状态 | 备注 |
| 1 | 0852445 | 208524453 | 第二样本阅览室/ [索取号:H195.5/287:2] | 在馆 | |
| 2 | 0852446 | 208524462 | 第四借阅区/ [索取号:H195.5/287:2] | 在馆 | |
| 3 | 0852447 | 208524471 | 第四借阅区/ [索取号:H195.5/287:2] | 在馆 |